[Event "Mittelrhein Verbandsliga-O 1112"]
[Site "Germany"]
[Date "2011.11.13"]
[Round "3"]
[White "Schulz, Kai Tober"]
[Black "Wegner, Carsten"]
[Result "1-0"]
[WhiteElo "1996"]
[BlackElo "1818"]
[PlyCount "69"]
[EventDate "2011.09.18"]
[EventType "team-tourn"]
[EventRounds "11"]
[EventCountry "GER"]
[SourceTitle "EXT 2013"]
[Source "ChessBase"]
[SourceDate "2012.11.22"]
[SourceVersion "1"]
[SourceVersionDate "2012.11.22"]
[SourceQuality "1"]
[WhiteTeam "Lohmar"]
[BlackTeam "Bruehl III"]
[WhiteTeamCountry "GER"]
[BlackTeamCountry "GER"]

1. e4 c5 2. Nc3 d6 3. f4 e6 4. Nf3 Be7 5. Bc4 a6 6. a4 b6 7. d3 Bb7 8. Qe2 Nc6 9. 0-0 Nf6 10. Bb3 0-0 11. Bd2 Rc8 12. Nd1 d5 13. e5 Ng4 14. Ne3 Nh6 15. c3 d4 16. Nd1 b5 17. axb5 axb5 18. c4 b4 19. Bc2 f6 20. exf6 Rxf6 21. Ng5 Qd7 22. Re1 Rg6 23. Nf2 e5 24. Nfe4 Rf8 25. g3 Nf5 26. Ba4 exf4 27. Bxf4 h6 28. Nf3 h5 29. Ne5 Qe6 30. Nxg6 Qxg6 31. Qg2 Bg5 32. Bxg5 Ne5 33. Bc2 Nd6 34. Bf4 h4 35. Bxe5 1-0

[Event "Mittelrhein Verbandsliga-O 1112"]
[Site "Germany"]
[Date "2011.09.18"]
[Round "1"]
[White "Schulz, Kai Tober"]
[Black "Flagmeier, Reiner"]
[Result "0-1"]
[WhiteElo "1996"]
[BlackElo "1747"]
[PlyCount "72"]
[EventDate "2011.09.18"]
[EventType "team-tourn"]
[EventRounds "11"]
[EventCountry "GER"]
[SourceTitle "EXT 2013"]
[Source "ChessBase"]
[SourceDate "2012.11.22"]
[SourceVersion "1"]
[SourceVersionDate "2012.11.22"]
[SourceQuality "1"]
[WhiteTeam "Lohmar"]
[BlackTeam "Siegburg"]
[WhiteTeamCountry "GER"]
[BlackTeamCountry "GER"]

1. e4 c6 2. d4 d5 3. exd5 cxd5 4. c4 Nf6 5. Nc3 e6 6. Bg5 Be7 7. Nf3 Nc6 8. Bd3 dxc4 9. Bxc4 0-0 10. 0-0 Nb4 11. Re1 Nbd5 12. Qd3 h6 13. Be3 b6 14. Ne5 Bb7 15. Rad1 Rc8 16. Bb3 Nxc3 17. bxc3 Qc7 18. c4 Bb4 19. Rf1 Rfd8 20. Bf4 Bd6 21. Qe2 Ba6 22. Qe3 Ng4 23. Qg3 h5 24. h3 Nxe5 25. dxe5 Bf8 26. Rxd8 Rxd8 27. Qg5 Rd4 28. Rd1 Rxd1+ 29. Bxd1 Qxc4 30. Bxh5 Qf1+ 31. Kh2 Qxf2 32. Bf3 Qc5 33. Be4 Qd4 34. Bc2 Bd3 35. Bb3 Bc5 36. h4 Bf5 0-1

[Event "Troisdorf op"]
[Site "Troisdorf"]
[Date "2005.12.06"]
[Round "7.2"]
[White "Schott, Guido"]
[Black "Schulz, Kai Tober"]
[Result "1/2-1/2"]
[WhiteElo "2088"]
[BlackElo "1895"]
[PlyCount "30"]
[EventDate "2005.10.18"]
[EventType "swiss"]
[EventRounds "7"]
[EventCountry "GER"]
[SourceTitle "EXT 2006"]
[Source "ChessBase"]
[SourceDate "2005.11.24"]
[SourceVersion "1"]
[SourceVersionDate "2005.11.24"]
[SourceQuality "1"]

1. Nf3 f5 2. e4 fxe4 3. Ng5 Nc6 4. d3 e3 5. Bxe3 e5 6. Be2 Be7 7. h4 Nf6 8. Bh5+ g6 9. Bf3 h6 10. Ne4 d5 11. Nxf6+ Bxf6 12. c3 Be6 13. Qa4 Qd7 14. Nd2 Ne7 15. Qxd7+ Kxd7 1/2-1/2

[Event "Troisdorf op"]
[Site "Troisdorf"]
[Date "2005.10.25"]
[Round "2.6"]
[White "Schulz, Kai Tober"]
[Black "Ziabari, Morteza"]
[Result "1-0"]
[WhiteElo "1895"]
[BlackElo "1776"]
[PlyCount "111"]
[EventDate "2005.10.18"]
[EventType "swiss"]
[EventRounds "7"]
[EventCountry "GER"]
[SourceTitle "EXT 2006"]
[Source "ChessBase"]
[SourceDate "2005.11.24"]
[SourceVersion "1"]
[SourceVersionDate "2005.11.24"]
[SourceQuality "1"]

1. e4 b6 2. d4 Bb7 3. Bd3 Nf6 4. Qe2 Nc6 5. c3 e5 6. d5 Ne7 7. h4 h5 8. Bg5 Ng6 9. g3 Bd6 10. Nd2 Qe7 11. Ngf3 c6 12. c4 0-0-0 13. 0-0-0 Kb8 14. Kb1 Rhe8 15. Rhe1 Rc8 16. Nf1 Qf8 17. N3h2 Bb4 18. Bd2 cxd5 19. cxd5 Bc5 20. Ne3 Ne7 21. Nc4 Nexd5 22. exd5 Bxd5 23. Ne3 Bc6 24. Bc4 d5 25. Bb5 e4 26. Bxc6 Rxc6 27. Nf5 g6 28. Bf4+ Kb7 29. Nd4 Rcc8 30. Nf1 Ng4 31. Ne3 Nxe3 32. Bxe3 Bb4 33. Rf1 Red8 34. Rc1 Bc5 35. Rfd1 a6 36. Nb3 Bxe3 37. Qxe3 Rxc1+ 38. Rxc1 Qd6 39. Nd4 Rc8 40. Rxc8 Kxc8 41. Qa3 Qxa3 42. bxa3 Kd7 43. Kc2 Kd6 44. Kd2 f6 45. a4 g5 46. Nf5+ Ke5 47. Ng7 gxh4 48. gxh4 f5 49. Nxh5 f4 50. Ng7 d4 51. h5 Kf6 52. h6 Kg6 53. Ne6 Kxh6 54. Nxf4 e3+ 55. fxe3 dxe3+ 56. Kxe3 1-0

[Event "Troisdorf op"]
[Site "Troisdorf"]
[Date "2005.10.18"]
[Round "1.14"]
[White "Kuznetsova, Tatiana"]
[Black "Schulz, Kai Tober"]
[Result "0-1"]
[WhiteElo "1660"]
[BlackElo "1895"]
[PlyCount "90"]
[EventDate "2005.10.18"]
[EventType "swiss"]
[EventRounds "7"]
[EventCountry "GER"]
[SourceTitle "EXT 2006"]
[Source "ChessBase"]
[SourceDate "2005.11.24"]
[SourceVersion "1"]
[SourceVersionDate "2005.11.24"]
[SourceQuality "1"]

1. e4 e6 2. d4 d5 3. Nd2 Nf6 4. e5 Nfd7 5. c3 c5 6. Bd3 Nc6 7. Ne2 Qb6 8. Nf3 Be7 9. 0-0 Ndb8 10. a3 a5 11. h3 Bd7 12. Nh2 cxd4 13. cxd4 Nxd4 14. Nf4 Nbc6 15. Qg4 Qc7 16. Re1 g6 17. Ne2 Qxe5 18. Be3 f5 19. Bxd4 fxg4 20. Bxe5 Nxe5 21. Rad1 gxh3 22. g3 Nxd3 23. Rxd3 Bd6 24. Nc3 0-0-0 25. Nf3 Rhf8 26. Ng5 h2+ 27. Kg2 Rde8 28. Rd2 h6 29. Nh3 g5 30. Kxh2 Bc6 31. Ng1 Bc5 32. Nd1 d4 33. Re5 Rf5 34. Rxf5 exf5 35. Ne2 d3 36. Ng1 Be4 37. Nc3 g4 38. Nd1 Kb8 39. Nc3 Rc8 40. Nb5 Be7 41. Nd4 Bf6 42. f3 Bxd4 43. fxe4 Bxg1+ 44. Kxg1 fxe4 45. Kf2 Rc2 0-1

[Event "Solingen op-B"]
[Site "Solingen"]
[Date "2005.05.26"]
[Round "1"]
[White "Heinrichs, Ralf"]
[Black "Schulz, Kai Tober"]
[Result "0-1"]
[WhiteElo "1487"]
[BlackElo "1922"]
[PlyCount "46"]
[EventDate "2005.05.26"]
[EventType "swiss"]
[EventRounds "7"]
[EventCountry "GER"]
[SourceTitle "EXT 2006"]
[Source "ChessBase"]
[SourceDate "2005.11.24"]
[SourceVersion "1"]
[SourceVersionDate "2005.11.24"]
[SourceQuality "1"]

1. d4 f5 2. Nf3 d6 3. Bf4 Nf6 4. c4 g6 5. Nc3 Bg7 6. e3 0-0 7. Bd3 c6 8. h3 Nbd7 9. 0-0 Qe8 10. Re1 e5 11. dxe5 dxe5 12. e4 fxe4 13. Nxe4 Nxe4 14. Bxe4 Rxf4 15. Qc2 Nc5 16. Rad1 Nxe4 17. Rxe4 Bf5 18. Rde1 Rxe4 19. Rxe4 Bxe4 20. Qxe4 Rd8 21. Ng5 Rd4 22. Qe3 Bh6 23. f4 Bxg5 0-1

[Event "Troisdorf op"]
[Site "Troisdorf"]
[Date "2004.11.09"]
[Round "2"]
[White "Schulz, Kai Tober"]
[Black "Lommen, Frank"]
[Result "1/2-1/2"]
[WhiteElo "1945"]
[BlackElo "2029"]
[PlyCount "26"]
[EventDate "2004.11.02"]
[EventType "swiss"]
[EventRounds "7"]
[EventCountry "GER"]
[SourceTitle "EXT 2006"]
[Source "ChessBase"]
[SourceDate "2005.11.24"]
[SourceVersion "1"]
[SourceVersionDate "2005.11.24"]
[SourceQuality "1"]

1. e4 g6 2. Nc3 Bg7 3. f4 c6 4. d4 d5 5. e5 Nh6 6. Be3 f6 7. Qd2 0-0 8. h3 fxe5 9. fxe5 Nf5 10. Nf3 b5 11. Ne2 Na6 12. Bf4 e6 13. Bg5 Qc7 1/2-1/2

[Event "Troisdorf op"]
[Site "Troisdorf"]
[Date "2004.11.02"]
[Round "1"]
[White "Bonus, Christian"]
[Black "Schulz, Kai Tober"]
[Result "0-1"]
[WhiteElo "1462"]
[BlackElo "1945"]
[PlyCount "64"]
[EventDate "2004.11.02"]
[EventType "swiss"]
[EventRounds "7"]
[EventCountry "GER"]
[SourceTitle "EXT 2006"]
[Source "ChessBase"]
[SourceDate "2005.11.24"]
[SourceVersion "1"]
[SourceVersionDate "2005.11.24"]
[SourceQuality "1"]

1. d4 f5 2. c4 Nf6 3. Nf3 g6 4. Bg5 Bg7 5. Nc3 0-0 6. e3 d6 7. Bd3 Nc6 8. h4 h6 9. Bf4 Ng4 10. h5 e5 11. dxe5 dxe5 12. Bxh6 Nxh6 13. Nh4 e4 14. Be2 Qxd1+ 15. Rxd1 Bxc3+ 16. bxc3 g5 17. Ng6 Rd8 18. Ne7+ Kf7 19. Nd5 Be6 20. Nxc7 Rxd1+ 21. Kxd1 Rd8+ 22. Kc2 Ne5 23. f4 gxf4 24. exf4 Nxc4 25. Bxc4 Bxc4 26. a4 Ng4 27. g3 e3 28. Nb5 Rd2+ 29. Kc1 Nf2 30. Rg1 Nd3+ 31. Kb1 Bxb5 32. axb5 e2 0-1

[Event "Goch op 15th"]
[Site "Goch"]
[Date "2004.10.02"]
[Round "5"]
[White "Schulz, Kai Tober"]
[Black "Hintze, Helge"]
[Result "1/2-1/2"]
[WhiteElo "2051"]
[BlackElo "2296"]
[PlyCount "42"]
[EventDate "2004.09.30"]
[EventType "swiss"]
[EventRounds "7"]
[EventCountry "GER"]
[SourceTitle "EXT 2006"]
[Source "ChessBase"]
[SourceDate "2005.11.24"]
[SourceVersion "1"]
[SourceVersionDate "2005.11.24"]
[SourceQuality "1"]

1. e4 e6 2. d4 d5 3. e5 c5 4. c3 Qb6 5. a3 Bd7 6. b4 cxd4 7. cxd4 Nc6 8. Nf3 Rc8 9. Bb2 Nxb4 10. axb4 Qxb4+ 11. Qd2 Rc2 12. Ba3 Qb3 13. Qa5 Ra2 14. Nfd2 Rxa1 15. Nxb3 Rxb1+ 16. Kd2 Rxb3 17. Bxf8 Kxf8 18. Qd8+ Be8 19. Bb5 Rb2+ 20. Kd3 Rb3+ 21. Kd2 Rb2+ 1/2-1/2

[Event "Hohenloher op 10th"]
[Site "Forchtenberg"]
[Date "2003.06.20"]
[Round "4"]
[White "Riedel, Holger"]
[Black "Schulz, Kai Tober"]
[Result "1-0"]
[WhiteElo "2220"]
[BlackElo "2095"]
[PlyCount "75"]
[EventDate "2003.06.19"]
[EventType "swiss"]
[EventRounds "7"]
[EventCountry "GER"]
[SourceTitle "EXT 2004"]
[Source "ChessBase"]
[SourceDate "2003.11.25"]
[SourceVersion "1"]
[SourceVersionDate "2003.11.25"]
[SourceQuality "1"]

1. d4 f5 2. Bg5 g6 3. e3 Bg7 4. Nf3 Nh6 5. Bc4 d5 6. Bb3 Nf7 7. Bf4 c6 8. c4 e6 9. h3 Nd7 10. g4 Nf6 11. Ne5 Ne4 12. Nxf7 Kxf7 13. Nc3 Nxc3 14. bxc3 Qa5 15. Rc1 b5 16. cxb5 Qxb5 17. c4 Qb4+ 18. Qd2 Qb6 19. gxf5 gxf5 20. Rg1 Bd7 21. Qe2 Qb4+ 22. Kd1 Qe7 23. Qh5+ Kf8 24. Rxg7 Be8 25. Qh6 Qxg7 26. Qxg7+ Kxg7 27. Be5+ Kh6 28. Bxh8 Bh5+ 29. Kd2 Rxh8 30. cxd5 cxd5 31. Rc6 Bf7 32. Bxd5 Kg5 33. Bb3 Kh4 34. Rc7 Rf8 35. Rxa7 h5 36. e4 fxe4 37. Ke3 Kxh3 38. Rxf7 1-0

[Event "Solingen-ch"]
[Site "Solingen"]
[Date "2003.06.07"]
[Round "2"]
[White "Giehl, Thomas"]
[Black "Schulz, Kai Tober"]
[Result "0-1"]
[WhiteElo "2047"]
[BlackElo "2089"]
[PlyCount "73"]
[EventDate "2003.06.06"]
[EventType "swiss"]
[EventRounds "7"]
[EventCountry "GER"]
[SourceTitle "CBM 094 Extra"]
[Source "ChessBase"]
[SourceDate "2003.07.09"]
[SourceVersion "2"]
[SourceVersionDate "2003.07.09"]
[SourceQuality "1"]

1. c4 f5 2. Nc3 Nf6 3. Nf3 g6 4. g3 Bg7 5. Bg2 0-0 6. d3 d6 7. Bg5 h6 8. Bd2 Nc6 9. Qc1 Kh7 10. h3 e5 11. e4 Nb4 12. Qb1 fxe4 13. dxe4 Nh5 14. Ne2 Nc6 15. Qd3 Be6 16. 0-0-0 a5 17. a3 Qf6 18. Kb1 Qf7 19. Rc1 Nf6 20. g4 Nd7 21. Be3 Nc5 22. Bxc5 dxc5 23. Rhf1 a4 24. Nd2 Rfd8 25. Qc2 Nd4 26. Nxd4 Rxd4 27. f3 Qd7 28. Rf2 Rd8 29. Nf1 Rxc4 30. Qe2 Rxc1+ 31. Kxc1 Bc4 32. Qe1 Qb5 33. Nd2 Bd3 34. Nb1 Bf6 35. Qc3 Bg5+ 36. Nd2 Be3 37. Qxe5 0-1

[Event "Goch op 14th"]
[Site "Goch"]
[Date "2003.??.??"]
[Round "6"]
[White "Hobusch, Alexander"]
[Black "Schulz, Kai Tober"]
[Result "1/2-1/2"]
[WhiteElo "1770"]
[BlackElo "2085"]
[PlyCount "57"]
[EventDate "2003.10.02"]
[EventType "swiss"]
[EventRounds "7"]
[EventCountry "GER"]
[SourceTitle "EXT 2006"]
[Source "ChessBase"]
[SourceDate "2005.11.24"]
[SourceVersion "1"]
[SourceVersionDate "2005.11.24"]
[SourceQuality "1"]

1. d4 f5 2. g3 Nf6 3. Bg2 g6 4. b4 Bg7 5. Bb2 d6 6. Nf3 e5 7. dxe5 Ng4 8. 0-0 Nxe5 9. Nxe5 Bxe5 10. Bxe5 dxe5 11. c4 Qxd1 12. Rxd1 c6 13. Nd2 Be6 14. b5 e4 15. e3 Nd7 16. f3 exf3 17. Bxf3 Ne5 18. bxc6 Nxc6 19. Bxc6+ bxc6 20. Kf2 Rb8 21. Rab1 Ke7 22. Ke2 Rhd8 23. Rxb8 Rxb8 24. Kd3 Rb2 25. Ra1 Kd6 26. Kc3 Rb8 27. Rb1 Rxb1 28. Nxb1 c5 29. Nd2 1/2-1/2

[Event "Goch op 14th"]
[Site "Goch"]
[Date "2003.??.??"]
[Round "3"]
[White "Schulz, Kai Tober"]
[Black "Meier, David Geffrey"]
[Result "0-1"]
[WhiteElo "2085"]
[BlackElo "2210"]
[PlyCount "62"]
[EventDate "2003.10.02"]
[EventType "swiss"]
[EventRounds "7"]
[EventCountry "GER"]
[SourceTitle "EXT 2006"]
[Source "ChessBase"]
[SourceDate "2005.11.24"]
[SourceVersion "1"]
[SourceVersionDate "2005.11.24"]
[SourceQuality "1"]

1. e4 e6 2. d4 d5 3. e5 c5 4. c3 Nc6 5. Nf3 Qb6 6. a3 c4 7. Nbd2 f6 8. b4 fxe5 9. Nxe5 Nf6 10. Nxc6 bxc6 11. g3 Bd6 12. Bg2 0-0 13. 0-0 e5 14. dxe5 Bxe5 15. Qc2 Ng4 16. Nf3 Bf5 17. Qd2 Bd3 18. Nxe5 Nxe5 19. Qe3 Bxf1 20. Bxf1 Ng4 21. Qxb6 axb6 22. h3 Nxf2 23. Be3 Ne4 24. Bxb6 Nxg3 25. Bg2 Ne2+ 26. Kh2 Nxc3 27. Bd4 Nb5 28. Bc5 Rxa3 29. Re1 Rd3 30. Re3 Rf6 31. Re2 h6 0-1

[Event "Hessenliga 0203"]
[Site "Germany"]
[Date "2002.11.10"]
[Round "3.8"]
[White "Lampersberger, Erhard"]
[Black "Schulz, Kai Tober"]
[Result "1/2-1/2"]
[WhiteElo "2122"]
[BlackElo "2076"]
[PlyCount "65"]
[EventDate "2002.10.??"]
[EventType "team"]
[EventRounds "9"]
[EventCountry "GER"]
[SourceTitle "EXT 2004"]
[Source "ChessBase"]
[SourceDate "2003.11.25"]
[SourceVersion "1"]
[SourceVersionDate "2003.11.25"]
[SourceQuality "1"]
[WhiteTeam "Baunatal"]
[BlackTeam "Lorsch"]
[WhiteTeamCountry "GER"]
[BlackTeamCountry "GER"]

1. e4 e6 2. d4 d5 3. e5 c5 4. c3 Nc6 5. Nf3 Bd7 6. Bd3 Qb6 7. dxc5 Bxc5 8. 0-0 Qc7 9. Qe2 Nge7 10. b4 Bb6 11. a4 a6 12. Na3 Ng6 13. Re1 0-0 14. Bd2 Qb8 15. b5 Na5 16. Rab1 Qa7 17. c4 dxc4 18. Nxc4 Nxc4 19. Bxc4 axb5 20. Bxb5 Rfd8 21. Rec1 Bxb5 22. Rxb5 Rac8 23. Rcb1 Bd4 24. a5 Bc3 25. Be3 Qa6 26. Qa2 h6 27. h3 Rd1+ 28. Kh2 Rxb1 29. Qxb1 Bxa5 30. Rxb7 Qc4 31. Qd1 Qc6 32. Qd7 Qxd7 33. Rxd7 1/2-1/2

[Event "Goch op 13th"]
[Site "Goch"]
[Date "2002.10.06"]
[Round "7"]
[White "Rothkugel, Wolfgang"]
[Black "Schulz, Kai Tober"]
[Result "0-1"]
[WhiteElo "1751"]
[BlackElo "2076"]
[PlyCount "124"]
[EventDate "2002.10.03"]
[EventType "swiss"]
[EventRounds "7"]
[EventCountry "GER"]
[SourceTitle "EXT 2004"]
[Source "ChessBase"]
[SourceDate "2003.11.25"]
[SourceVersion "1"]
[SourceVersionDate "2003.11.25"]
[SourceQuality "1"]

1. e4 e6 2. Nc3 d5 3. d4 Bb4 4. e5 c5 5. a3 Bxc3+ 6. bxc3 Ne7 7. Qg4 0-0 8. Bd3 f5 9. Qh3 b6 10. f4 Ba6 11. Bxa6 Nxa6 12. Ne2 Ng6 13. Bd2 Qh4+ 14. Qxh4 Nxh4 15. Kf2 Rac8 16. Ra2 Nb8 17. g3 Ng6 18. Rb1 Nc6 19. Rb5 Na5 20. Be3 Nc4 21. Nc1 cxd4 22. Bxd4 Ne7 23. Ke2 Nc6 24. Kd3 Rf7 25. Ne2 h6 26. Rb1 g5 27. a4 g4 28. Bf2 Rfc7 29. Nd4 Nxd4 30. Bxd4 h5 31. Rg1 Rh7 32. Ke2 Kf7 33. Rg2 h4 34. Ra1 Rch8 35. Bf2 hxg3 36. Bxg3 Rc8 37. Kd3 Rc5 38. Rgg1 Nb2+ 39. Kd2 Ra5 40. Rgb1 Rxa4 41. Rxa4 Nxa4 42. Ra1 b5 43. Kd3 Ke8 44. Ra3 Rc7 45. Kd2 Rc4 46. Bf2 Rxf4 47. Bxa7 Kd7 48. Bd4 Rf3 49. Rb3 Kc6 50. c4 Rxb3 51. cxb3 Nc5 52. cxb5+ Kxb5 53. Kc2 Ne4 54. Be3 Nc5 55. Kc3 Nd7 56. Kd4 Kb4 57. Bh6 Kxb3 58. Bg7 Kc2 59. Bh6 Kd1 60. Bf4 Ke2 61. Bg3 Kf3 62. Kd3 f4 0-1

[Event "Goch op 13th"]
[Site "Goch"]
[Date "2002.10.06"]
[Round "6"]
[White "Schulz, Kai Tober"]
[Black "Theile Rasche, Ingo"]
[Result "1/2-1/2"]
[WhiteElo "2076"]
[BlackElo "1840"]
[PlyCount "106"]
[EventDate "2002.10.03"]
[EventType "swiss"]
[EventRounds "7"]
[EventCountry "GER"]
[SourceTitle "EXT 2004"]
[Source "ChessBase"]
[SourceDate "2003.11.25"]
[SourceVersion "1"]
[SourceVersionDate "2003.11.25"]
[SourceQuality "1"]

1. Nf3 d5 2. c4 e6 3. g3 Nf6 4. Bg2 Be7 5. 0-0 0-0 6. b3 c5 7. cxd5 exd5 8. Bb2 Nc6 9. d4 Be6 10. Na3 Rc8 11. dxc5 Bxc5 12. Nc2 Re8 13. Ncd4 Bg4 14. h3 Bh5 15. Nxc6 bxc6 16. Rc1 Bb6 17. Re1 Bg6 18. b4 Qe7 19. Qb3 Qd6 20. Bd4 Be4 21. Bc5 Bxc5 22. Rxc5 Bxf3 23. Bxf3 Nd7 24. Ra5 Ra8 25. Qa3 Ne5 26. Qc3 Nxf3+ 27. exf3 Rxe1+ 28. Qxe1 Kf8 29. Qd2 Rb8 30. a3 Rb7 31. Qd4 Qd7 32. Kg2 Qc7 33. Qh4 h6 34. Qg4 Qd7 35. Qd4 Qc7 36. Ra6 Rb6 37. Qc5+ Kg8 38. Qa5 Rb7 39. Qa4 c5 40. Rc6 Qd7 41. Qa6 cxb4 42. axb4 Rxb4 43. Rd6 Ra4 44. Rxd7 Rxa6 45. Rxd5 Ra1 46. Rd7 a5 47. h4 a4 48. h5 a3 49. f4 a2 50. Ra7 Kf8 51. Kf3 f5 52. Kg2 Ke8 53. f3 Kf8 1/2-1/2

[Event "Goch op 13th"]
[Site "Goch"]
[Date "2002.10.05"]
[Round "5"]
[White "Fuhs, Juergen"]
[Black "Schulz, Kai Tober"]
[Result "1/2-1/2"]
[WhiteElo "2171"]
[BlackElo "2076"]
[PlyCount "24"]
[EventDate "2002.10.03"]
[EventType "swiss"]
[EventRounds "7"]
[EventCountry "GER"]
[SourceTitle "EXT 2004"]
[Source "ChessBase"]
[SourceDate "2003.11.25"]
[SourceVersion "1"]
[SourceVersionDate "2003.11.25"]
[SourceQuality "1"]

1. e4 e6 2. d4 d5 3. Nc3 Bb4 4. e5 c5 5. a3 Bxc3+ 6. bxc3 Ne7 7. Qg4 0-0 8. Nf3 Nbc6 9. Bd3 f5 10. exf6 Rxf6 11. Qh4 h6 12. 0-0 c4 1/2-1/2

[Event "Hessenliga 0203"]
[Site "Germany"]
[Date "2002.09.22"]
[Round "1.7"]
[White "Schulz, Kai Tober"]
[Black "Bitsch, Volker"]
[Result "1/2-1/2"]
[WhiteElo "2076"]
[BlackElo "2075"]
[PlyCount "38"]
[EventDate "2002.10.??"]
[EventType "team"]
[EventRounds "9"]
[EventCountry "GER"]
[SourceTitle "EXT 2004"]
[Source "ChessBase"]
[SourceDate "2003.11.25"]
[SourceVersion "1"]
[SourceVersionDate "2003.11.25"]
[SourceQuality "1"]
[WhiteTeam "Lorsch"]
[BlackTeam "Bensheim"]
[WhiteTeamCountry "GER"]
[BlackTeamCountry "GER"]

1. Nf3 f5 2. g3 Nf6 3. Bg2 g6 4. b3 Bg7 5. Bb2 0-0 6. 0-0 d6 7. d4 Qe8 8. c4 Ne4 9. Nfd2 Nxd2 10. Qxd2 c6 11. f4 Nd7 12. Nc3 e5 13. d5 c5 14. Nb5 Qe7 15. Nc7 Rb8 16. Ne6 Re8 17. Nc7 Rf8 18. Ne6 Re8 19. Nc7 Rf8 1/2-1/2

[Event "Nuremberg-ch op 02nd"]
[Site "Nuremberg"]
[Date "2002.06.23"]
[Round "4"]
[White "Schulz, Kai Tober"]
[Black "Werner, Bernd Michael"]
[Result "0-1"]
[WhiteElo "2083"]
[BlackElo "2179"]
[PlyCount "97"]
[EventDate "2002.06.21"]
[EventType "swiss"]
[EventRounds "5"]
[EventCountry "GER"]
[SourceTitle "EXT 2006"]
[Source "ChessBase"]
[SourceDate "2005.11.24"]
[SourceVersion "1"]
[SourceVersionDate "2005.11.24"]
[SourceQuality "1"]

1. Nf3 Nf6 2. g3 g6 3. Bg2 Bg7 4. 0-0 d6 5. d4 0-0 6. c4 Nbd7 7. Nc3 c6 8. e4 e5 9. h3 a6 10. a4 a5 11. Be3 Re8 12. Qc2 Qe7 13. Rfe1 exd4 14. Nxd4 Nc5 15. Kh2 Nfd7 16. f4 Na6 17. Na2 Ndc5 18. Bf2 Qc7 19. Rab1 Bd7 20. b4 axb4 21. Nxb4 Qa5 22. Na2 Rab8 23. Nf3 Qxa4 24. Qxa4 Nxa4 25. e5 dxe5 26. Nxe5 Bxe5 27. fxe5 N4c5 28. Bd4 Bf5 29. Rb6 Rbd8 30. Bc3 Re7 31. Ba5 Rde8 32. Kg1 Nd3 33. Rd1 Nxe5 34. Nb4 Nxc4 35. Nxc6 Re2 36. Rxb7 Rxg2+ 37. Kxg2 Be4+ 38. Kg1 Bxc6 39. Ra7 Re2 40. Rd8+ Kg7 41. Bc3+ Kh6 42. Rxa6 Rg2+ 43. Kf1 Ne3+ 44. Ke1 Bb5 45. Rd2 Bxa6 46. Rxg2 Nxg2+ 47. Kf2 Bb7 48. Bf6 g5 49. Ke2 0-1

[Event "Cologne-ch 49th"]
[Site "Cologne"]
[Date "2000.11.18"]
[Round "9"]
[White "Hermann, Waldemar"]
[Black "Schulz, Kai Tober"]
[Result "1/2-1/2"]
[WhiteElo "2190"]
[BlackElo "2087"]
[PlyCount "41"]
[EventDate "2000.07.10"]
[EventType "swiss"]
[EventRounds "9"]
[EventCountry "GER"]
[SourceTitle "EXT 2002"]
[Source "ChessBase"]
[SourceDate "2001.11.25"]
[SourceVersion "1"]
[SourceVersionDate "2001.11.25"]
[SourceQuality "1"]

1. e4 c5 2. Nf3 Nc6 3. d4 cxd4 4. Nxd4 g6 5. Be3 Bg7 6. Nc3 Nf6 7. Be2 0-0 8. Qd2 d5 9. Nxc6 bxc6 10. Rd1 Be6 11. f3 Qa5 12. 0-0 dxe4 13. Nxe4 Qxa2 14. Nc3 Qa5 15. Ra1 Qc7 16. Bc5 Nd5 17. Ra4 Rfd8 18. Bd3 Nb6 19. Re4 Nc4 20. Qc1 Ne5 21. Be2 1/2-1/2

[Event "Cologne-ch 49th"]
[Site "Cologne"]
[Date "2000.10.07"]
[Round "1"]
[White "Schulz, Kai Tober"]
[Black "Rosskothen, Arnd"]
[Result "0-1"]
[WhiteElo "2087"]
[BlackElo "2255"]
[PlyCount "112"]
[EventDate "2000.07.10"]
[EventType "swiss"]
[EventRounds "9"]
[EventCountry "GER"]
[SourceTitle "EXT 2002"]
[Source "ChessBase"]
[SourceDate "2001.11.25"]
[SourceVersion "1"]
[SourceVersionDate "2001.11.25"]
[SourceQuality "1"]

1. d4 Nf6 2. Nf3 e6 3. Bg5 Be7 4. e3 b6 5. Bd3 Bb7 6. Nbd2 d5 7. Ne5 Nfd7 8. Bxe7 Qxe7 9. f4 Nxe5 10. fxe5 Nd7 11. Qg4 0-0-0 12. Bb5 f6 13. Bxd7+ Rxd7 14. Qf4 fxe5 15. Qxe5 Rf8 16. 0-0-0 Ba6 17. Rde1 Rf2 18. Qg3 Rf8 19. Nf3 c5 20. c3 Kb7 21. h4 Rc7 22. Qg5 Qd7 23. Qg3 Qa4 24. a3 Bd3 25. Qf2 cxd4 26. exd4 Rfc8 27. Kd2 Be4 28. Rc1 Qb5 29. Ke1 Rf8 30. Rh3 Rcf7 31. Rd1 Rf4 32. Qe2 Qe8 33. Kd2 Qa4 34. Ke3 Bc2 35. Kd2 Bxd1 36. Qxd1 Qb5 37. Kc1 Re4 38. Nd2 Ref4 39. Rf3 Rxf3 40. Nxf3 Qe8 41. Qd3 Qh5 42. Qe3 Qf5 43. Qg5 Qxg5+ 44. Nxg5 Rf1+ 45. Kc2 Rf2+ 46. Kd3 Rxg2 47. Nxe6 Rg4 48. b3 Rxh4 49. Nxg7 Rh3+ 50. Kd2 h5 51. c4 h4 52. Nf5 Rxb3 53. cxd5 h3 54. Nd6+ Kc7 55. Ne4 h2 56. d6+ Kd8 0-1